5HLuxD.jpg

KING HENRY VIII SENIOR AND PRIMARY SCHOOL LIBRARY OPAC

Dinoblock / (Record no. 3644)

000 -LEADER
fixed length control field 01486cam a2200361 i 4500
001 - CONTROL NUMBER
control field (Sirsi) a1097745
003 - CONTROL NUMBER IDENTIFIER
control field OSt
005 - DATE AND TIME OF LATEST TRANSACTION
control field 20240320111627.0
008 - FIXED-LENGTH DATA ELEMENTS--GENERAL INFORMATION
fixed length control field 180726t20152015nyua a 000 j eng d
020 ## - INTERNATIONAL STANDARD BOOK NUMBER
International Standard Book Number 9781419716744
Qualifying information (board book) :
040 ## - CATALOGING SOURCE
Original cataloging agency YDXCP
Language of cataloging eng
Transcribing agency YDXCP
Modifying agency BDX
-- OCLCQ
-- BTCTA
-- SVP
-- OCLCO
-- AO
-- OCLCO
-- T7L
-- EHH
-- DLC
-- TAE
-- KH8
Description conventions rda
042 ## - AUTHENTICATION CODE
Authentication code nbic
082 0# - DEWEY DECIMAL CLASSIFICATION NUMBER
Classification number 567.9 FRA
100 1# - MAIN ENTRY--PERSONAL NAME
Personal name Franceschelli, Christopher,
Relator term author.
245 10 - TITLE STATEMENT
Title Dinoblock /
Statement of responsibility, etc. by Christopher Franceschelli ; art by Peskimo ; illustrations by Harry N. Abrams.
246 3# - VARYING FORM OF TITLE
Title proper/short title Dino block.
264 #1 - PRODUCTION, PUBLICATION, DISTRIBUTION, MANUFACTURE, AND COPYRIGHT NOTICE
Place of production, publication, distribution, manufacture New York :
Name of producer, publisher, distributor, manufacturer Abrams Appleseed,
Date of production, publication, distribution, manufacture, or copyright notice [2015]
264 #4 - PRODUCTION, PUBLICATION, DISTRIBUTION, MANUFACTURE, AND COPYRIGHT NOTICE
Date of production, publication, distribution, manufacture, or copyright notice ©2015.
300 ## - PHYSICAL DESCRIPTION
Extent 96 unnumbered pages :
Other physical details color illustrations ;
Dimensions 17 cm.
336 ## - CONTENT TYPE
Content type term text
Content type code txt
Source rdacontent.
336 ## - CONTENT TYPE
Content type term still image
Content type code sti
Source rdacontent.
337 ## - MEDIA TYPE
Media type term unmediated
Media type code n
Source rdamedia.
338 ## - CARRIER TYPE
Carrier type term volume
Carrier type code nc
Source rdacarrier.
500 ## - GENERAL NOTE
General note On board pages.
500 ## - GENERAL NOTE
General note Cover title.
520 ## - SUMMARY, ETC.
Summary, etc. Features thick pages cut into the shapes of dinosaurs. Readers will be introduced to more than 20 different kinds of dinos via die-cuts of their unique silhouettes and the illuminating comparisons to familiar things from a young child's world.--
Assigning source Source other than Library of Congress.
521 1# - TARGET AUDIENCE NOTE
Target audience note Ages 2-5.
650 #0 - SUBJECT ADDED ENTRY--TOPICAL TERM
Topical term or geographic name entry element Dinosaurs
Form subdivision Juvenile literature.
650 #0 - SUBJECT ADDED ENTRY--TOPICAL TERM
Topical term or geographic name entry element Toy and movable books
Form subdivision Specimens.
700 1# - ADDED ENTRY--PERSONAL NAME
Personal name Abrams, Harry N.,
Relator term illustrator.
710 2# - ADDED ENTRY--CORPORATE NAME
Corporate name or jurisdiction name as entry element Peskimo (Firm),
Relator term artist.
942 ## - ADDED ENTRY ELEMENTS (KOHA)
Source of classification or shelving scheme
Koha item type Books - Non Ficton
Holdings
Withdrawn status Lost status Source of classification or shelving scheme Damaged status Not for loan Collection code Permanent Location Current Location Shelving location Date acquired Total Checkouts Full call number Barcode Date last seen Date last checked out Price effective from Koha item type
          Non-Fiction KH8 Primary School Library KH8 Primary School Library Non Fiction 2024-03-20 9 567.9 FRA KHPL000004514 2025-12-05 2025-11-11 2024-03-20 Books - Non Ficton

Powered By KH8 IT Dept